| 000 | 00965cam a22002775a 4500 | ||
|---|---|---|---|
| 001 | 11352115 | ||
| 005 | 20151012105044.0 | ||
| 008 | 140123t2014 flua frbd 001 0 eng d | ||
| 020 | _a9781482207002 (hardcover : alk. paper) | ||
| 040 |
_aDLC _beng _cDLC _dDLC _dWaSeSS _dEG-ScBUE |
||
| 050 | 4 |
_aTK3001 _b.G58 2014 |
|
| 082 | 0 | 4 |
_a621.319 _222 _bGON |
| 100 | 1 | _aGönen, Turan. | |
| 245 | 1 | 0 |
_aElectric power distribution engineering / _cTuran Gönen. |
| 250 | _a3rd ed. | ||
| 260 |
_aBoca Raton : _bCRC Press / Taylor & Francis Group, _cc.2014. |
||
| 300 |
_axxv, 1035 p. : _bill. ; _c27 cm. |
||
| 500 | _aRevised edition of: Electric power distribution system engineering / Turan Gonen. 2008. | ||
| 500 | _aGlossary : p. 993-1007. | ||
| 500 | _aIndex : p. 1023-1035. | ||
| 504 | _aIncludes bibliographical references. | ||
| 650 | 7 |
_aElectric power distribution. _2BUEsh _934955 |
|
| 651 | _2BUEsh | ||
| 653 |
_bENGGEN _cJune2015 _cOctober2015 |
||
| 942 | _2ddc | ||
| 999 |
_c19749 _d19721 |
||